Γλωσσικό υλικό για το νηπιαγωγείο : από τη θεωρία στην πράξη
Αποθηκεύτηκε σε:
| Κύριος συγγραφέας: | |
|---|---|
| Μορφή: | Βιβλίο |
| Γλώσσα: | Greek |
| Δημοσίευση: |
Αθήνα :
Καστανιώτης,
1999.
|
| Έκδοση: | 4η έκδ. |
| Σειρά: | Βασική βιβλιοθήκη του νηπιαγωγού (Καστανιώτης)
|
| Θέματα: | |
| Ετικέτες: |
Προσθήκη ετικέτας
Δεν υπάρχουν, Καταχωρήστε ετικέτα πρώτοι!
|
MARC
| LEADER | 00000cam a2200000 i 4500 | ||
|---|---|---|---|
| 001 | 1/58179 | ||
| 008 | 020211s1999 gr | ||| |||| ||gre|| | ||
| 020 | |a 9600311889 | ||
| 035 | |l 10000286 | ||
| 040 | |a GR-MY-UA |b gre |e aacr | ||
| 041 | 0 | |a gre | |
| 082 | 7 | |a 372.6 |2 (22) | |
| 100 | 1 | |a Αναγνωστόπουλος, Βασίλειος Δ., |d 1941- | |
| 245 | 1 | 0 | |a Γλωσσικό υλικό για το νηπιαγωγείο : |b από τη θεωρία στην πράξη / |c Β.Δ. Αναγνωστόπουλος. |
| 250 | |a 4η έκδ. | ||
| 260 | |a Αθήνα : |b Καστανιώτης, |c 1999. | ||
| 300 | |a 318 σ. ; |c 24 εκ. | ||
| 490 | 1 | |a (Βασική βιβλιοθήκη του νηπιαγωγού / Καστανιώτης) | |
| 650 | 0 | 0 | |a Greek language, Modern |x Study and teaching (Preschool) |z Greece. |
| 650 | 0 | 0 | |a Language arts (Preschool) |z Greece. |
| 650 | 0 | 0 | |a Speech |x Study and teaching (Elementary) |
| 650 | 0 | 0 | |a Children |x Language. |
| 830 | 0 | |a Βασική βιβλιοθήκη του νηπιαγωγού (Καστανιώτης) | |
| 852 | |a INST |b RHODES |e 20020211 |h 372.6 ΑΝΑ |p 005400016725 |q 005400016725 |t BK |y 0 | ||
| 852 | |a INST |b RHODES |e 20050707 |h 372.6 ΑΝΑ |p 005400022972 |q 005400022972 |t BK |y 0 | ||
| 901 | |a BIBL4-2002-1 | ||
| 901 | |a BIBL4-2005-2 | ||
| 909 | |a Ρ |b 085226 | ||
| 909 | |a Ρ |b 121845 | ||
| 970 | |a ΚΟΥΛΑΚΙΟΤΗ |b ΛΙΤΣΑ |z 2002/02/11 | ||